| 000 | 00537nam a2200205Ia 4500 | ||
|---|---|---|---|
| 003 | OSt | ||
| 005 | 20230408121218.0 | ||
| 008 | 210423s2010 xx 000 0 und d | ||
| 020 | _a9788184895162 | ||
| 040 | _cAL | ||
| 041 | _aeng | ||
| 082 | _a515.7 COSC | ||
| 100 |
_aCOSTARA (Constantin);POPA (Dumitru). _984977 |
||
| 245 | _aExercises in functional analysis. | ||
| 260 |
_aNew Delhi _bSpringer Pvt Ltd _c2010 |
||
| 300 |
_ax,451 _bPB |
||
| 365 |
_b695 _cINR |
||
| 906 | _aanalysis. ; Exercises ; functional | ||
| 942 |
_2ddc _cBK |
||
| 999 |
_c158295 _d158295 |
||